Statistics for Third Place Teams at the World Cup

Click here to take the quiz!

General Stats

  • This quiz has been taken 32 times
  • The average score is 18 of 21

Answer Stats

HintAnswer% Correct
2018Belgium
96%
1978Brazil
96%
1938Brazil
96%
2010Germany
96%
2006Germany
96%
1970Germany
96%
1934Germany
96%
1986France
93%
1958France
93%
1990Italy
93%
2014Netherlands
93%
1930
United States
86%
1966Portugal
82%
1950Sweden
82%
1994Sweden
82%
1962Chile
79%
1998Croatia
79%
1974Poland
79%
1982Poland
79%
2002Turkey
79%
1954Austria
75%

Score Distribution

Percentile by Number Answered

Percent of People with Each Score

Your Score History

You have not taken this quiz